000 00448nam a2200193Ia 4500
008 170705s9999 xx 000 0 und d
020 _a9780545299800
245 _aHauntings and heists /
245 _cDan Poblocki.
260 _aNew York :
260 _bScholastic,
260 _c2011
300 _a160 pages :
300 _bcolor illustration ;
300 _c19cm.
440 _aThe mysterious four ;
440 _v1
500 _a770
999 _c336341
_d336341